000 01025nac a22003137a 4500
001 BR9904044
003 BR-BrBNA
005 20240105122301.0
008 230509b bl.|||m| |||| 00| 0 por d
040 _aBR-BrBNA
_bpor
_cBiblioteca Nacional de Agricultura
072 _aL02
090 _a5300 BR9904044
100 1 _aBellaver, C.
100 1 _aGuidoni, A.L.
100 1 _aLima, G.J.M.M. de
100 1 _aGioia, D.L.
110 1 _aCentro Nacional de Pesquisa de Suinos e Aves, Concordia, SC (Brasil)
245 1 _aFornecimento de agua dentro do comedouro e efeitos no desempenho, carcaca e efluentes da producao de suinos
260 3 _aConcordia, SC (Brasil):
_c1998.
300 _a3 p.
490 _aComunicado Tecnico - Centro Nacional de Pesquisa de Suinos e Aves (Brazil)
_vno. 231
_xISSN 0100-8862
650 _aSuino
650 _aAgua
650 _aComedouro
650 _aProducao Animal
650 _aGanho de Peso
909 _a202312
_bLúcia Elande
_c55
_dLúcia Elande
942 _2AGRIS
_n0
_cMS
999 _c290201
_d290201